[Event "Tata Steel-A 80th"]
[Site "Wijk aan Zee"]
[Date "2018.01.20"]
[Round "7"]
[White "Anand, Viswanathan"]
[Black "Kramnik, Vladimir"]
[Result "0-1"]
[WhiteElo "2767"]
[BlackElo "2787"]
[Annotator "Marin,M"]
[PlyCount "72"]
[EventDate "2018.01.13"]
[EventType "tourn"]
[EventRounds "13"]
[EventCountry "NED"]
[EventCategory "20"]
[SourceTitle "CBM 183"]
[Source "ChessBase"]
[SourceDate "2018.03.14"]
[SourceVersion "1"]
[SourceVersionDate "2018.03.14"]
[SourceQuality "1"]

1. e4 e5 2. Nf3 Nc6 3. Bc4 Bc5 4. d3 Nf6 5. a4 d6 6. c3 a6 7. Bg5 {When I
started playing 1...e5 some 30 years ago these lines with an early a2-a4 did
not exist at all. But one of the first things I learned was that with Black's
king still in the centre Bg5 is not recommendable, as after ...h7-h6 and ...
g7-g5 the knight sacrfice on g5 is not viable.} h6 8. Bh4 Ba7 9. Nbd2 Qe7 ({
Still preparing the kingside attack. But} 9... g5 10. Bg3 O-O ({If} 10... Nh5 {
White has} 11. Nxe5 Nxg3 12. Bxf7+ Ke7 13. Ng6+ Kxf7 14. Nxh8+ Qxh8 15. hxg3 {
White is not worse from material point of view but Black's king is exposed and
Black's main pride, the a7-bishop, will turn into a mere spectator after d3-d4.
True, 10...Qe7 would probably transpose, but abstractly it is better to keep
the inevitable ...g7-g5 in reserve.}) 11. O-O Nh7 12. h3 h5 {is playable, as
in Topalov,V (2760)-So,W (2794) London 2016 CBM 176 [Stohl,I] (0-1, 27)}) 10.
h3 ({A rare and mysterious move. Since the later bishop retreat to h2 will
prove a waste of time, it means Anand wanted to control g4. His plan for this
game was based on Qe2, so it is worth checking what could have happened after} 
10. Qe2 g5 ({The more solid} 10... Be6 {is entirely playable, but not
essential for the question raised above.} 11. b4 O-O 12. O-O Rfe8 13. Rfb1 Rab8
14. a5 Bxc4 15. Nxc4 Qe6 16. Bxf6 Qxf6 17. b5 axb5 18. Rxb5 Nd8 19. Rab1 Ra8
20. g3 Qe6 21. Kg2 c6 22. R5b2 Bb8 23. Ra1 Bc7 {Najer,E (2707)-Aleksandrov,A 
(2580) Tbilisi 2017 (1-0, 51) and Black can be content with his position.}) 11.
Bg3 h5 $5 ({A romantic plan.} 11... g4 {is hardly a problem due to} 12. Bh4 $5)
(11... Bg4 12. h3 Bh5 {may be another reason, as the queen would look strange
on e2.}) 12. h4 (12. Nxg5 h4 {may explain why Anand needed the h2-square, but
even this is not entirely clear:} 13. Bxf7+ Kf8 14. O-O-O Kg7 15. Bb3 hxg3 16.
hxg3 Bd7 17. f4 {with reasonable play for the sacrificed piece.}) 12... g4 13.
Ng5 Rf8 14. f4 gxf3 15. gxf3 {This position does not look like a reason to
waste time and weaken the kingside with h2-h3, as White is more active.
Kramnik opined that his opponent had mixed up something in the opening. I
suppose this could be one of the moments he had in mind.}) (10. b4 Bd7 11. Rb1
g5 12. Bg3 Nh5 {Salem,A (2638)-Giri,A (2775) Geneva 2017 CBM 180 [Szabo,Kr] 
(0-1, 43)}) 10... g5 11. Bg3 Nh5 12. Qe2 (12. Nxe5 $2 Nxg3 13. Bxf7+ Kd8 $1 14.
Ng6 {(wthout check!)} Qxf7 {winning the knight due to the threat ...Qxf2#.}) ({
The following game is an illustration about what could have happened had Anand
not played g2-g4 later.} 12. Bh2 Nf4 13. Bxf4 gxf4 14. b4 Rg8 15. Rg1 Be6 16.
a5 Nd8 17. b5 axb5 18. Bxb5+ c6 19. Ba4 f5 $17 {Voigt,R (2381)-Karpatchev,A 
(2461) Leipzig 2004 (0-1, 36)}) (12. Nf1 Nf4 13. Rg1 {is awfully passive.} Be6
14. Bxe6 fxe6 15. Ne3 O-O-O 16. b4 d5 17. exd5 exd5 18. b5 e4 19. bxc6 exf3 20.
Qxf3 Rhf8 $17 {Berenyi,G (2230)-Timoshenko,G (2475) Budapest 1991 (0-1, 27)
with a huge attack.}) 12... Qf6 13. Bh2 ({On the previous move Black refrained
from opening the f-file, but now the exchange on g3 may be a real threat. For
instance if} 13. Kd1 Nxg3 14. fxg3 h5 15. Rf1 {Black is in time to regroup with
} Qg7) 13... Nf4 14. Bxf4 gxf4 15. g4 {Trying to stabilise the kingside. We
already know that playing with a backward pawn on g2 is passive.} Ne7 16. b4 {
Anand seems to have been convinced that Kramnik would castle long. But since
this did not happen, his queenside plan only creates weaknesses.} ({He should
have carried on his regrouping with} 16. Kd1 Ng6 17. Kc2 {One important point
is that} h5 {can be met with} 18. gxh5 $1 Rxh5 19. h4 Nxh4 $6 20. Rag1 $14 {
We can understand now why saving the tempo b2-b4 was useful.}) 16... Ng6 17.
Kd1 h5 18. g5 {Under the given circumstances it is Black already who benefits
from stabilising the kingside.} ({But} 18. gxh5 {does not work anymore:} Rxh5
19. h4 (19. Qf1 Bd7 20. Kc2 Ke7 $17 {followed by ...Rah8 i awfully passive for
White.}) 19... Nxh4 20. Kc2 Ke7 21. Rag1 Bd7 $17 {[%cal Ga8h8]}) 18... Qe7 19.
b5 (19. Kc2 $15 {was better, inviting Black to find a way of opening the
queenside.}) 19... Kf8 20. bxa6 {Continuing the global suicidal plan of
opening the queenside.} ({But by now Black can more or less force the opening
of the queenside anyway:} 20. d4 $5 Kg7 21. Kc2 c6 $5) 20... bxa6 21. d4 Kg7
22. d5 {An obvious positional concession, clearing the path for the bishop on
a7 and restricting his own bishop.} (22. Kc2 exd4 23. cxd4 a5 $36 {[%cal Gc7c6,
Gd6d5]}) 22... Bd7 23. Kc2 Rhb8 ({One more doubt about why did Anand play his
last move is raised by} 23... c6 $17 {opening the c-file.}) 24. Bxa6 {Trying
to build up a fortress on the light squares.} (24. h4 {[%cal Gh1b1]} Qe8 (24...
Bg4 $17 {[%csl Gh4]}) 25. a5 c6 $17) 24... Bxf2 25. Bb5 (25. Qxf2 Rxa6 {
retrieves the a-pawn soon, with a decisive attack along the newly opened files.
.}) 25... Be3 26. h4 (26. Nc4 Bxb5 27. axb5 Rxa1 28. Rxa1 Qd7 29. Nxe3 fxe3 30.
c4 Qxh3 {The h-pawn and the g6-knight (especially after ...Nf4) are very
annoying.}) (26. c4 Rc8 {followed by ...c7-c6 is even stronger than with the
pawn on c3.}) 26... Ra5 {Black has a pleasant choices on each move, but
Kramnik's play is logical and effective.} 27. c4 Rba8 28. Kb3 (28. Nb3 Bxb5 $5
(28... R5a7 29. a5 Bg4 {is also strong.}) 29. Nxa5 Bd7 30. Nb3 (30. Nc6 Bxc6
31. dxc6 Qe6 {followed by either ...Ne7xc6 or ...Ra6.}) 30... Bxa4 31. Kc3 Qd7
32. Rhb1 c6 $19 {[%csl Ga4,Rc3,Ge3]}) 28... Nf8 {[%cal Gf8d7,Gd7c5] The start
of the final and decisive regrouping.} 29. Rhc1 Bg4 30. Kc2 Bxd2 31. Kxd2 Nd7
32. Ra3 Nc5 33. Bc6 Rb8 34. Ke1 Qd8 $1 35. Qc2 Bxf3 36. Rxf3 Qc8 {After ...Qg4
White will soon collapse on both wings.} 0-1

[Event "Tata Steel-A 80th"]
[Site "Wijk aan Zee"]
[Date "2018.01.20"]
[Round "7"]
[White "Carlsen, Magnus"]
[Black "Hou, Yifan"]
[Result "1-0"]
[WhiteElo "2834"]
[BlackElo "2680"]
[Annotator "Golubev,M"]
[PlyCount "109"]
[EventDate "2018.01.13"]
[EventType "tourn"]
[EventRounds "13"]
[EventCountry "NED"]
[EventCategory "20"]
[SourceTitle "CBM 183"]
[Source "ChessBase"]
[SourceDate "2018.03.14"]
[SourceVersion "1"]
[SourceVersionDate "2018.03.14"]
[SourceQuality "1"]

1. c4 e6 2. Nc3 d5 3. d4 Nf6 4. cxd5 Nxd5 $5 5. e3 ({Principled lines are
connected with e2-e4 (as Magnus twice successfully played in 2016 in the short
control games against Kramnik) or} 5. Nf3 {first.}) 5... c5 $1 6. Bd3 ({
A rare continuation, which was used by Geller sixty years ago but was not seen
often after that. More standard is} 6. Nf3 {transposing to Carlsen's own 2010
rapid game against Hammer.}) 6... cxd4 7. exd4 Nxc3 $5 {Indeed, there were
alternatives for Black here and on the previous move.} 8. bxc3 Qc7 9. Bd2 Nd7
$1 10. Qg4 $5 {This is probably new.} Nf6 ({Also} 10... g6 {is playable.}) 11.
Qg3 $1 Qxg3 12. hxg3 {The world champion obtained a slightly better endgame.
Surely nothing special, but often he does not need much.} Bd6 13. Nf3 ({
Curious and probably deserving mention is} 13. Rh4 $5 {, preparing g3-g4. While
} e5 {can be met by} 14. dxe5 Bxe5 15. Nf3 {followed by 16.Kf1!. But
developing a knight, as Carlsen did, is very natural.}) 13... b6 {Black could
have tried to do without this move, developing the bishop to d7. But generally
there's nothing wrong with Hou Yifan's approach.} 14. a4 $1 Bb7 15. a5 Ke7 16.
Ke2 Ne4 17. Be1 $5 {Otherwise White can't preserve her bishop pair.} h6 18. c4
Nf6 $6 {I do not like this retreat, after which White activates easily.} ({
Instead,} 18... f5 $5 {looks OK, with decent counterchances for Black.}) 19.
Bc3 $1 Be4 {Also this is somewhat illogical. Now White quickly develops strong
pressure.} 20. Rhb1 Bxd3+ 21. Kxd3 Nd7 22. Nd2 $5 Rhd8 ({The alternative} 22...
f5 {has serious drawbacks because it weakens the e6-pawn.}) 23. Ne4 Bc7 24.
Bb4+ Ke8 {Black's position is passive and nearly critical. But, somewhat
strangely, it's also hard to offer something absolutely convincing for White.}
25. f4 ({Instead,} 25. Kc3 $5 f5 26. Bd6 $1 Bxd6 27. Nxd6+ Ke7 28. Nb5 {
also deserved attention, probably, and can be better than it looks.}) 25...
Rac8 26. axb6 axb6 27. Ra7 {Essentially, White goes for a promising looking
exchange sacrifice.} ({He also could have played the quieter:} 27. Nc3 $5 Nc5+
({or} 27... Bb8 28. Ra8 Nc5+ 29. Bxc5 bxc5 30. Rb7 $1 {with the idea of} Rxd4+
31. Ke2 Rdd8 32. Nb5 g5 33. Na7 Bxa7 34. Raxa7 {, etc.}) 28. Ke3 Nd7 29. Re1 $1
Bb8 30. Kd3 {and Black is worse after} Nc5+ $5 31. Bxc5 bxc5 32. d5 Kf8 {
as well as in other lines.}) 27... Nb8 $1 28. Rxc7 $1 Rxc7 29. Nd6+ Kd7 30.
Nxf7 Rdc8 {White has more than enough for the sacrificed exchange, but is it
enough for a win? Possibly not.} 31. Ne5+ ({Or} 31. Bd6 $5 Ra7 (31... Rb7 $6
32. Be5 $1) 32. Rxb6 ({Black also should be able to survive the bizarre} 32. f5
$5 exf5 33. d5) 32... Ke8 33. Ne5 Nd7 34. Nxd7 Kxd7 35. Bc5 $5 Re8 $1 {and
it's not clear how White can make progress.}) 31... Ke8 32. Bd6 Rb7 $1 33. c5
Nc6 $1 34. Rxb6 Rxb6 35. cxb6 {Further, Hou Yifan continued to defend a
not-so-simple ending well, until her fatal mistake on the 50th move,} Nd8 $5
36. Bc7 Ra8 37. Kc4 Nb7 ({Also possible was} 37... Ra2 $5 {where White should
avoid} 38. Kc5 ({other options:} 38. Kb5 $5) (38. g4 $5) 38... Ra5+ 39. Kd6 $4
{(well, Magnus would not play this even in bullet)} Rd5#) 38. Kb5 Ra2 39. g4
Ke7 $5 40. g3 $5 Nd6+ $1 41. Bxd6+ Kxd6 42. Nc4+ Kd7 43. Kc5 Rc2 $1 44. f5 exf5
45. gxf5 Rf2 46. Nd6 $1 ({After} 46. g4 {,} h5 $1 47. gxh5 Rxf5+ 48. Ne5+ Kc8
49. Kc6 Rf6+ {is an easy draw for Black.}) 46... Rg2 ({She could have tried} 
46... h5 $5 {(not allowing White to connect his g- and f-pawns), which seems
to be an easier way to the desired result for Black.}) 47. Ne4 Rb2 48. g4 $1
Rb1 49. Nd2 $1 Rh1 $5 50. d5 h5 $2 {It was necessary to abstain from this
advance.} ({The waiting strategy was correct. For example,} 50... Rc1+ 51. Nc4
Rb1 $5 52. Ne5+ Ke7 ({but not} 52... Kd8 $2 53. Kc6 $1 $18 {and after} Rc1+ {
White has} 54. Kd6) 53. d6+ Kd8 54. Kc6 Rc1+ {and if} 55. Kd5 Rb1 $1 {. But
it's difficult to understand that Black can save a game by playing like this.})
51. d6 $1 $18 {Now it's over.} Kc8 ({Or} 51... hxg4 52. b7 Rh8 53. Nc4 $1 Rb8
54. Ne5+ $1 Ke8 ({if} 54... Kd8 55. Nc6+) 55. Kc6 g3 56. Kc7 Rxb7+ 57. Kxb7 g2
58. Kc7 g1=Q 59. d7+ Ke7 60. d8=Q#) 52. gxh5 Rxh5 53. Kc6 {The black rook is
misplaced.} Kb8 54. Ne4 Rxf5 55. Nc5 {One may feel sorry for the Chinese star
who made so many strong moves but still lost this game.} 1-0

[Event "Tata Steel-A 80th"]
[Site "Wijk aan Zee"]
[Date "2018.01.20"]
[Round "7"]
[White "Jones, Gawain C B"]
[Black "Svidler, Peter"]
[Result "1/2-1/2"]
[WhiteElo "2640"]
[BlackElo "2768"]
[PlyCount "67"]
[EventDate "2018.01.13"]
[EventType "tourn"]
[EventRounds "13"]
[EventCountry "NED"]
[EventCategory "20"]
[SourceTitle "CBM 183"]
[Source "ChessBase"]
[SourceDate "2018.03.14"]
[SourceVersion "1"]
[SourceVersionDate "2018.03.14"]
[SourceQuality "1"]
[TimeControl "40/6000+30:20/3000+30:900+30"]

1. e4 {[%emt 0:00:00]} c5 {[%emt 0:00:14]} 2. c3 {[%emt 0:00:01]} Nf6 {[%emt 0:
02:18]} 3. e5 {[%emt 0:00:06]} Nd5 {[%emt 0:00:08]} 4. Nf3 {[%emt 0:00:06]} e6
{[%emt 0:05:06]} 5. Bc4 {[%emt 0:00:26]} d6 {[%emt 0:03:34]} 6. d4 {[%emt 0:03:
13]} cxd4 {[%emt 0:02:17]} 7. cxd4 {[%emt 0:00:09]} Nc6 {[%emt 0:00:33]} 8. O-O
{[%emt 0:01:12]} Be7 {[%emt 0:02:45]} 9. exd6 {[%emt 0:00:15]} Qxd6 {[%emt 0:
02:25]} 10. Nc3 {[%emt 0:00:09]} O-O {[%emt 0:01:56]} 11. Re1 {[%emt 0:02:42]}
Rd8 {[%emt 0:08:21]} 12. a3 {[%emt 0:04:04]} a6 {[%emt 0:05:01]} 13. Be3 {
[%emt 0:00:58]} Nxe3 {[%emt 0:07:12]} 14. fxe3 {[%emt 0:00:44]} b6 {[%emt 0:00:
05]} 15. Rc1 {[%emt 0:18:12]} Bb7 {[%emt 0:12:52]} 16. Ba2 {[%emt 0:20:22]}
Rac8 {[%emt 0:03:29]} 17. Ne4 {[%emt 0:03:32]} Qd7 {[%emt 0:01:33]} 18. Nfg5 {
[%emt 0:00:44]} Bxg5 {[%emt 0:01:12]} 19. Nxg5 {[%emt 0:05:15]} h6 {[%emt 0:00:
05]} 20. Nf3 {[%emt 0:04:59]} Qd6 {[%emt 0:01:41]} 21. Rf1 {[%emt 0:01:35]} Rc7
{[%emt 0:02:32]} 22. Qe2 {[%emt 0:08:35]} Rdc8 {[%emt 0:03:58]} 23. Rcd1 {
[%emt 0:04:25]} Na5 {[%emt 0:06:49]} 24. Bb1 {[%emt 0:01:35]} Nc4 {[%emt 0:01:
15]} 25. Bd3 {[%emt 0:07:25]} b5 {[%emt 0:11:12]} 26. Rf2 {[%emt 0:00:49]} f5 {
[%emt 0:03:49]} 27. e4 {[%emt 0:03:26]} fxe4 {[%emt 0:03:14]} 28. Bxe4 {
[%emt 0:00:04]} Bxe4 {[%emt 0:00:09]} 29. Qxe4 {[%emt 0:00:04]} Qd5 {[%emt 0:
03:27]} 30. Re1 {[%emt 0:02:04]} Qxe4 {[%emt 0:01:22]} 31. Rxe4 {[%emt 0:00:03]
} Rc6 {[%emt 0:00:22]} 32. Rfe2 {[%emt 0:01:38]} a5 {[%emt 0:01:50]} 33. Ne5 {
[%emt 0:03:24]} Rd6 {[%emt 0:00:59]} 34. Nxc4 {[%emt 0:02:12]} 1/2-1/2

[Event "Tata Steel-A 80th"]
[Site "Wijk aan Zee"]
[Date "2018.01.20"]
[Round "7"]
[White "Karjakin, Sergey"]
[Black "Caruana, Fabiano"]
[Result "1-0"]
[WhiteElo "2753"]
[BlackElo "2811"]
[Annotator "Golubev,M"]
[PlyCount "91"]
[EventDate "2018.01.13"]
[EventType "tourn"]
[EventRounds "13"]
[EventCountry "NED"]
[EventCategory "20"]
[SourceTitle "CBM 183"]
[Source "ChessBase"]
[SourceDate "2018.03.14"]
[SourceVersion "1"]
[SourceVersionDate "2018.03.14"]
[SourceQuality "1"]
[TimeControl "40/6000+30:20/3000+30:900+30"]

1. d4 {[%emt 0:00:00]} Nf6 {[%emt 0:00:29]} 2. c4 {[%emt 0:00:00]} e6 {[%emt 0:
00:03]} 3. Nf3 {[%emt 0:00:00]} d5 {[%emt 0:00:06]} 4. Nc3 {[%emt 0:00:00]} a6
$5 {[%emt 0:00:06] Until recently, it was not possible to see this move in top
level chess (with several notable exceptions such as Staunton's 1843 game).
But times change! Today's top guys can play, generally, just anything that is
not refuted by their computers during home preparation.} 5. cxd5 {[%emt 0:01:
22]} exd5 {[%emt 0:00:09]} 6. Bg5 {[%emt 0:00:29]} Be6 {[%emt 0:00:12]} 7. e3 {
[%emt 0:01:02]} Nbd7 {[%emt 0:00:19]} 8. Bd3 {[%emt 0:07:37]} h6 {[%emt 0:00:
27]} 9. Bh4 {[%emt 0:00:52]} g5 {[%emt 0:00:06] This is a topical line, first
played with Black by GM Fedoseev in 2016.} 10. Bg3 {[%emt 0:00:04]} Nh5 {
[%emt 0:00:07]} 11. Be5 {[%emt 0:01:22] But now Caruana comes up with
something unusual.} Nhf6 $5 {[%emt 0:00:06]} ({Instead,} 11... Ng7 {was tested
in many games last year.}) 12. Bg3 {[%emt 0:00:35]} ({White also had more
active moves around here. After} 12. Qb3 {curious is} g4 13. Bxf6 Qxf6 14. Ne5
Nxe5 15. dxe5 Qxe5 16. Qxb7 Rd8 17. Qc6+ Ke7 18. O-O {where Black can even
consider} Kf6 $5 {planning to hide his king on g7.}) 12... Nh5 {[%emt 0:00:19]}
13. Nd2 {[%emt 0:20:30]} Nxg3 {[%emt 0:00:57]} 14. hxg3 {[%emt 0:00:07]} Nb6 {
[%emt 0:20:31]} ({Other ideas were} 14... c5 $5 {and 14...c6.}) 15. Qc2 {
[%emt 0:05:08]} Bd6 {[%emt 0:14:55]} ({Better could have been} 15... c6 {
after which} 16. e4 {is premature because of} dxe4 {and the d4-pawn falls.})
16. e4 $1 {[%emt 0:11:05] Now White develops the initiative.} dxe4 {[%emt 0:00:
54]} ({Possibly preferable was} 16... Qd7 $5 {, and if} 17. e5 Be7 {.}) 17.
Bxe4 {[%emt 0:00:05]} Qe7 $2 {[%emt 0:04:29]} ({Black had to play} 17... c6 {
with a surely somewhat worse position. (Karjakin intended to continue} 18.
O-O-O $1 {). But instead Caruana blunders a pawn.}) 18. Bxb7 $3 {[%emt 0:02:14]
} Rb8 {[%emt 0:05:46]} ({It turns that all discovered checks lead Black
nowhere. For example,} 18... Bd5+ 19. Kf1 Bxb7 20. Re1 $18) 19. Bc6+ {[%emt 0:
12:46]} Kf8 {[%emt 0:00:39]} 20. O-O {[%emt 0:12:31]} Qf6 {[%emt 0:03:57]} 21.
Nf3 {[%emt 0:03:09]} Kg7 {[%emt 0:05:45]} 22. Rfe1 {[%emt 0:02:24]} Rhd8 {
[%emt 0:12:10]} 23. Ne4 {[%emt 0:06:35]} Qg6 {[%emt 0:04:09]} 24. d5 $1 {
[%emt 0:02:23] An energetic way of converting the advantage. White gives his
extra pawn back, but prevents ...Nd5 and develops a crushing intiative.} Nxd5 {
[%emt 0:00:28]} 25. Bxd5 {[%emt 0:00:08]} Bxd5 {[%emt 0:00:03]} 26. Qc3+ {
[%emt 0:00:05]} f6 {[%emt 0:00:09]} 27. Nxd6 {[%emt 0:00:07]} cxd6 {[%emt 0:00:
03]} 28. Nd4 $1 $18 {[%emt 0:03:20] Black simply has too many weaknesses,
including the vulnerable king.} Rd7 {[%emt 0:11:57]} 29. Qa5 {[%emt 0:00:24]}
Bf7 {[%emt 0:02:32]} 30. b3 {[%emt 0:01:09]} Ra8 {[%emt 0:02:13]} 31. Rac1 {
[%emt 0:01:03]} d5 {[%emt 0:02:59]} 32. Rc7 {[%emt 0:01:22]} Rxc7 {[%emt 0:02:
52]} 33. Qxc7 {[%emt 0:00:02]} Qd3 {[%emt 0:02:19]} 34. Ne6+ {[%emt 0:01:39]}
Kg6 {[%emt 0:01:02]} 35. Nd8 {[%emt 0:00:06]} Rxd8 {[%emt 0:01:09]} 36. Qxd8 {
[%emt 0:00:05] And White converts his extra exchange.} Qd2 {[%emt 0:00:03]} 37.
Qe7 {[%emt 0:00:58]} Qxa2 {[%emt 0:00:07]} 38. Re3 {[%emt 0:11:52]} Qb1+ {
[%emt 0:05:44]} 39. Kh2 {[%emt 0:00:11]} Qf5 {[%emt 0:00:13]} 40. Qc7 {[%emt 0:
00:00]} d4 {[%emt 0:05:22]} 41. Re7 {[%emt 0:04:14]} Qd5 {[%emt 0:00:21]} 42.
b4 {[%emt 0:02:43]} Be6 {[%emt 0:12:48]} 43. Qb6 {[%emt 0:15:35]} Bf7 {[%emt 0:
23:00]} 44. Qxa6 {[%emt 0:00:59]} d3 {[%emt 0:03:42]} 45. Re3 {[%emt 0:00:10]}
Qc4 {[%emt 0:00:04]} 46. Qa3 {[%emt 0:00:08] Black's d3-pawn falls; there's
nothing to play for anymore.} 1-0